000 00671nam a2200217 i 4500
003 DO-SdBNP
005 20250923151332.0
007 ta
008 250923b1969 dr ||||| |||| 00| 0 spa d
040 _aDO-SdBNP
_bspa
_cBNPHU
_erda
041 _aspa
082 4 _axxx
_bxxx
_222
245 1 4 _aTres en un tiempo /
_cJorge Morel, Danilo de los Santos, Eduardo de Zayas ; presentación,
264 _aSantiago, R. D.
_bEdiciones Estudiantiles, UCMM,
_c1969.
300 _a55 páginas ;
_c23 cm.
336 _atexto
_btxt
_2rdacontent
337 _asin mediación
_bn
_2rdamedia
338 _avolumen
_bnc
_2rdacarrier
590 _aInventariado, 2025 /LP
942 _2ddc
_cLBS1
999 _c59901
_d59901